Największe państwa świata - Statystyki

Ogólne statystyki
  • Ten quiz został rozwiązany 322 razy
  • Średni wynik to 10 z 15
Statystyki odpowiedzi
Lp. Populacja Państwo % Poprawnych
3. 330 780 550 Stany Zjednoczone
98%
1. 1 400 870 000 Chiny
96%
9. 150 750 100 Rosja
95%
2. 1 360 870 030 Indie
92%
6. 210 550 670 Brazylia
87%
11. 125 900 000 Japonia
76%
10. 130 790 290 Meksyk
76%
4. 270 910 900 Indonezja
66%
7. 210 140 590 Nigeria
60%
5. 220 890 330 Pakistan
58%
13. 100 440 220 Egipt
56%
8. 170 690 290 Bangladesz
51%
15. 96 210 990 Wietnam
46%
12. 110 690 960 Filipiny
42%
14. 98 670 000 Etiopia
39%
Nie znaleziono quizów pasujących do podanych kryteriów
Rozkład punktacji
Procent ludzi z każdym wynikiem
Percentyl według liczby udzielonych odpowiedzi
Twoja historia wyników
Nie rozwiązałeś tego quizu